First book of quantum field theory (Record no. 1209797)

MARC details
000 -LEADER
fixed length control field 00908nam a2200301Ia 4500
003 - CONTROL NUMBER IDENTIFIER
control field OSt
005 - DATE AND TIME OF LATEST TRANSACTION
control field 20221007122128.0
008 - FIXED-LENGTH DATA ELEMENTS--GENERAL INFORMATION
fixed length control field 221006b |||||||| |||| 00| 0 eng d
020 ## - INTERNATIONAL STANDARD BOOK NUMBER
International Standard Book Number 817319369X (pbk)
037 ## - SOURCE OF ACQUISITION
Terms of availability Textual
040 ## - CATALOGING SOURCE
Original cataloging agency PAPL
Transcribing agency PAPL
Language of cataloging eng
041 ## - LANGUAGE CODE
Source of code eng
Language code of text/sound track or separate title eng
100 ## - MAIN ENTRY--PERSONAL NAME
Personal name Lahiri Amitabha
9 (RLIN) 561389
245 #0 - TITLE STATEMENT
Title First book of quantum field theory
Remainder of title Pal Palash B
260 ## - PUBLICATION, DISTRIBUTION, ETC.
Place of publication, distribution, etc. New
Name of publisher, distributor, etc. Delhi Narosa Publishing House
Date of publication, distribution, etc. 2001
300 ## - PHYSICAL DESCRIPTION
Extent xv, 371p
Dimensions cm.
500 ## - GENERAL NOTE
General note Appendix A, 352-361p; Index 361-371p
650 ## - SUBJECT ADDED ENTRY--TOPICAL TERM
Topical term or geographic name entry element Quantum field theory
9 (RLIN) 713519
650 ## - SUBJECT ADDED ENTRY--TOPICAL TERM
Topical term or geographic name entry element Quantum theory
9 (RLIN) 612792
650 ## - SUBJECT ADDED ENTRY--TOPICAL TERM
Topical term or geographic name entry element Physics
700 ## - ADDED ENTRY--PERSONAL NAME
Personal name Pal Palash B
9 (RLIN) 713520
942 ## - ADDED ENTRY ELEMENTS (KOHA)
Classification part CN30, P1-;1
Koha item type Textual
Source of classification or shelving scheme Colon Classification (CC)
Holdings
Withdrawn status Lost status Source of classification or shelving scheme Damaged status Not for loan Home library Current library Date acquired Source of acquisition Total Checkouts Full call number Barcode Date last seen Price effective from Koha item type
    Colon Classification (CC)     Department of Physics and Astrophysics Library Department of Physics and Astrophysics Library 2022-10-07 Vardhman,   CN30 P1-;1 PA0005406 2022-10-07 2022-10-07 Textual
Copyright @ Delhi University Library System